Statystyki dla 25 Najpopularniejszych Nazw Ulic w Polsce

Kliknij tutaj aby rozwiązać quiz!

Ogólne statystyki

  • Ten quiz został rozwiązany 1 623 razy
  • Średni wynik to 6 z 25

Statystyki odpowiedzi

Lp.#Nazwa ulicy% Poprawnych
2.3300Polna
49%
4.2427Krótka
47%
1.3330Leśna
44%
10.1699Kwiatowa
39%
6.2309Szkolna
39%
15.1395Kościelna
32%
13.1438Dębowa
31%
7.1871Lipowa
31%
3.2815Słoneczna
30%
9.1762Sosnowa
26%
8.1863Brzozowa
24%
23.1210Kolejowa
21%
17.1386Zielona
21%
22.1240Świerkowa
20%
21.1267Klonowa
19%
25.998Nowa
19%
5.2322Ogrodowa
19%
11.1674Łąkowa
16%
20.1308Cicha
15%
18.1367Parkowa
15%
12.1524Akacjowa
14%
24.1108Kasztanowa
14%
19.1328Sportowa
12%
14.1396Spokojna
10%
16.1391Spacerowa
7%

Rozkład punktacji

Percentyl według liczby udzielonych odpowiedzi

Procent ludzi z każdym wynikiem

Twoja historia wyników

Nie rozwiązałeś tego quizu